000 00431nam a2200157 4500
001 121731
003 ES-MaACL
005 20230906191818.0
007 t|
008 070214s1970 sp r ||||1| spa d
100 1 _aPortillo, Alvaro del.
_993249
245 1 0 _aEscritos sobre el sacerdocio /
_cAlvaro del Portillo.
260 _aMadrid :
_bPalabra,
_c1970.
300 _a156 p. ;
_c20 cm.
852 _aES-MaACL
_jC-46343
_bR.75815
999 _c121731
_d121731